Most Printed Books Quiz Stats

Quiz not verified by Sporcle

Challenge
Share
Tweet
Embed
Score 0/20 Timer 10:00
0 Plays Today
% Correct
The Bible
90.8%
The Lord of the Rings
86.7%
The Holy Quran
81.6%
The Da Vinci Code
80.6%
A Tale of Two Cities
79.6%
Book of Mormon
78.6%
The Hobbit
77.6%
The Catcher in the Rye
77.6%
The Lion, the Witch, and the Wardrobe
76.5%
Quotations from Chairman Mao
58.2%
% Correct
The Little Prince
57.1%
Anne of Green Gables
53.1%
And Then There Were None
45.9%
Lolita
42.9%
Watership Down
40.8%
Think and Grow Rich
37.8%
The Alchemist
37.8%
Steps to Christ
32.7%
She
19.4%
The Eagle has Landed
13.3%

You're not logged in!

Compare scores with friends on all Sporcle quizzes.
Join for Free
OR
Log In

You Might Also Like...

Show Comments

Extras

Top Quizzes Today


Score Distribution

Your Account Isn't Verified!

In order to create a playlist on Sporcle, you need to verify the email address you used during registration. Go to your Sporcle Settings to finish the process.

Report this User

Report this user for behavior that violates our Community Guidelines.

Details: